[Event "Akureyri Icelandic op"]
[Site "Akureyri"]
[Date "2019.05.28"]
[Round "5"]
[White "Collin, Jean Philippe"]
[Black "Kristjansson, Olafur"]
[Result "0-1"]
[WhiteElo "1792"]
[BlackElo "2069"]
[PlyCount "32"]
[EventDate "2019.05.25"]
[EventType "swiss"]
[EventRounds "9"]
[EventCountry "ISL"]
[SourceTitle "CBM 190 Extra"]
[Source "ChessBase"]
[SourceDate "2019.07.15"]
[SourceVersion "1"]
[SourceVersionDate "2019.07.15"]
[SourceQuality "1"]

1. d4 g6 2. Nf3 Nf6 3. c4 Bg7 4. Nc3 0-0 5. Bf4 d5 6. e3 c5 7. dxc5 Qa5 8. Nd2 dxc4 9. Bxc4 Qxc5 10. Rc1 Nc6 11. 0-0 Rd8 12. Nb5 Qb4 13. Rc2 Bf5 14. a3 Bxc2 15. axb4 Bxd1 16. Rxd1 Ne4 0-1

[Event "Akureyri Icelandic op"]
[Site "Akureyri"]
[Date "2019.05.26"]
[Round "3"]
[White "Collin, Jean Philippe"]
[Black "Gower, Sam"]
[Result "1-0"]
[WhiteElo "1792"]
[BlackElo "2069"]
[PlyCount "133"]
[EventDate "2019.05.25"]
[EventType "swiss"]
[EventRounds "9"]
[EventCountry "ISL"]
[SourceTitle "CBM 190 Extra"]
[Source "ChessBase"]
[SourceDate "2019.07.15"]
[SourceVersion "1"]
[SourceVersionDate "2019.07.15"]
[SourceQuality "1"]

1. d4 Nf6 2. Bg5 c5 3. d5 Ne4 4. Bf4 e6 5. dxe6 fxe6 6. Nf3 Nc6 7. h4 d5 8. e3 Bd6 9. Bxd6 Qxd6 10. Bd3 Nf6 11. Nc3 a6 12. a3 Ne5 13. Nxe5 Qxe5 14. Rh3 d4 15. f4 Qc7 16. Ne4 Nxe4 17. Bxe4 Qa5+ 18. Kf1 c4 19. Rg3 0-0 20. Rg5 Qc7 21. Qh5 g6 22. Bxg6 Kh8 23. Qh6 Qg7 24. Qxg7+ Kxg7 25. Be4+ Kh8 26. g3 dxe3 27. Ke2 Bd7 28. Rh5 Rf7 29. Rd1 Bb5 30. c3 Rg8 31. Rg5 Rb8 32. Rd6 Re7 33. Kxe3 Rbe8 34. Kd4 Rc7 35. Bc2 Rf8 36. a4 Bd7 37. Rc5 Bc6 38. Ke5 Rg8 39. Kf6 Rcc8 40. Rg5 Rgf8+ 41. Ke5 Rce8 42. h5 Rc8 43. a5 Rce8 44. Be4 Bxe4 45. Kxe4 Rf7 46. Rc5 Rg7 47. Rxc4 Rxg3 48. Rc7 Rh3 49. Rxb7 Rxh5 50. Rxa6 Rc8 51. b3 Rhc5 52. c4 h5 53. Raa7 h4 54. Rh7+ Kg8 55. Rxh4 Rb8 56. Kd4 Rf5 57. Kc3 e5 58. fxe5 Rxe5 59. Rh3 Re1 60. Rg3+ Kh8 61. Ra6 Kh7 62. Rb6 Rbe8 63. Kb4 Ra1 64. a6 Ra8 65. c5 Re8 66. Rb7+ Kh6 67. a7 1-0

[Event "Akureyri Icelandic op"]
[Site "Akureyri"]
[Date "2019.05.25"]
[Round "1"]
[White "Collin, Jean Philippe"]
[Black "Thorfinnsson, Bjorn"]
[Result "0-1"]
[WhiteElo "1792"]
[BlackElo "2389"]
[PlyCount "94"]
[EventDate "2019.05.25"]
[EventType "swiss"]
[EventRounds "9"]
[EventCountry "ISL"]
[SourceTitle "CBM 190 Extra"]
[Source "ChessBase"]
[SourceDate "2019.07.15"]
[SourceVersion "1"]
[SourceVersionDate "2019.07.15"]
[SourceQuality "1"]

1. d4 Nf6 2. Bg5 e6 3. e4 h6 4. Bxf6 Qxf6 5. Nc3 Bb4 6. Qd2 b6 7. a3 Bxc3 8. Qxc3 Nc6 9. 0-0-0 Bb7 10. Nf3 0-0-0 11. Qe3 g5 12. Rg1 g4 13. e5 Qg7 14. Nd2 f6 15. f4 Rhf8 16. g3 Ne7 17. Bg2 Nf5 18. Bxb7+ Kxb7 19. Qf2 d6 20. Ne4 fxe5 21. dxe5 dxe5 22. Rxd8 Rxd8 23. fxe5 Qxe5 24. Re1 Qd5 25. Qe2 Nd4 26. Qd1 Nf3 27. Qxd5+ exd5 28. Rd1 Nxh2 29. Nf6 c6 30. Rh1 Rf8 31. Nxd5 Rf1+ 32. Rxf1 Nxf1 33. Nf6 Nxg3 34. Nxg4 h5 35. Nh2 Kc7 36. Kd2 Kd6 37. Ke3 Kd5 38. Nf3 Nf5+ 39. Kd3 h4 40. c4+ Ke6 41. b4 Kf6 42. a4 h3 43. Ke4 Nh4 44. Nh2 Ng6 45. Kd4 Nf8 46. Ke4 Ne6 47. b5 Nc5+ 0-1

[Event "Quimper op 8th"]
[Site "Quimper"]
[Date "2017.11.02"]
[Round "5"]
[White "Collin, Jean Philippe"]
[Black "Lemoine, Norbert"]
[Result "1-0"]
[WhiteElo "1737"]
[BlackElo "1222"]
[PlyCount "55"]
[EventDate "2017.10.31"]
[EventType "swiss"]
[EventRounds "6"]
[EventCountry "FRA"]
[SourceTitle "EXT 2023"]
[Source "ChessBase"]
[SourceDate "2022.10.05"]
[SourceVersion "1"]
[SourceVersionDate "2022.10.05"]
[SourceQuality "1"]

1. e4 e5 2. Bc4 Nc6 3. Qf3 Nf6 4. Ne2 d6 5. b4 Bg4 6. Qb3 Qe7 7. f3 Be6 8. Bxe6 Qxe6 9. Qxe6+ fxe6 10. b5 Nd4 11. Nxd4 exd4 12. d3 e5 13. a4 Nd7 14. Ba3 a6 15. c4 b6 16. Nd2 a5 17. Ke2 Be7 18. Raf1 Rf8 19. Nb3 Bg5 20. g3 Bh6 21. f4 g5 22. fxe5 Rxf1 23. Rxf1 dxe5 24. c5 Bf8 25. c6 Bxa3 26. cxd7+ Kxd7 27. Rf7+ Ke6 28. Rxc7 1-0

[Event "Quimper op 8th"]
[Site "Quimper"]
[Date "2017.11.02"]
[Round "6"]
[White "Major, Frederic"]
[Black "Collin, Jean Philippe"]
[Result "1/2-1/2"]
[WhiteElo "1747"]
[BlackElo "1737"]
[PlyCount "78"]
[EventDate "2017.10.31"]
[EventType "swiss"]
[EventRounds "6"]
[EventCountry "FRA"]
[SourceTitle "EXT 2023"]
[Source "ChessBase"]
[SourceDate "2022.10.05"]
[SourceVersion "1"]
[SourceVersionDate "2022.10.05"]
[SourceQuality "1"]

1. c4 Nf6 2. Nf3 c6 3. d4 d5 4. e3 g6 5. Nc3 Bg7 6. Bd3 0-0 7. 0-0 Re8 8. b3 Nbd7 9. Bb2 Nf8 10. Qc2 Ng4 11. h3 Nh6 12. Rad1 Bf5 13. e4 dxe4 14. Nxe4 Qc8 15. h4 Qc7 16. Ng3 Bxd3 17. Rxd3 Rad8 18. h5 Ne6 19. hxg6 hxg6 20. Rfd1 Ng4 21. Bc1 Bf6 22. d5 cxd5 23. Rxd5 Rxd5 24. Rxd5 Rd8 25. Qe4 Rxd5 26. Qxd5 Qb6 27. Ne4 Bd4 28. Nxd4 Qxd4 29. Qxd4 Nxd4 30. Bb2 Ne6 31. b4 Kf8 32. Kf1 Ke8 33. Ke2 Kd7 34. f3 Nh6 35. g3 f5 36. Nf2 Nf7 37. Nd3 Kd6 38. Ke3 a6 39. a4 b6 1/2-1/2

[Event "Quimper op 8th"]
[Site "Quimper"]
[Date "2017.11.01"]
[Round "3"]
[White "Rannou, Noel"]
[Black "Collin, Jean Philippe"]
[Result "0-1"]
[WhiteElo "1457"]
[BlackElo "1737"]
[PlyCount "142"]
[EventDate "2017.10.31"]
[EventType "swiss"]
[EventRounds "6"]
[EventCountry "FRA"]
[SourceTitle "EXT 2023"]
[Source "ChessBase"]
[SourceDate "2022.10.05"]
[SourceVersion "1"]
[SourceVersionDate "2022.10.05"]
[SourceQuality "1"]

1. c4 Nf6 2. d4 g6 3. Nf3 Bg7 4. Bd2 d5 5. cxd5 0-0 6. Nc3 Nxd5 7. Nxd5 Qxd5 8. Bc3 Rd8 9. e3 Be6 10. Bd3 Bf5 11. Qc2 Bxd3 12. Qxd3 Nd7 13. e4 Nc5 14. exd5 Nxd3+ 15. Ke2 Nf4+ 16. Kf1 Nxd5 17. Rb1 a5 18. g3 b5 19. a3 a4 20. Kg2 Nb6 21. Rhe1 e6 22. Ne5 Bxe5 23. Rxe5 Rd5 24. Rbe1 c6 25. R5e4 Nc4 26. R1e2 Rad8 27. f4 Nd6 28. Re5 Nc4 29. R5e4 c5 30. dxc5 Rxc5 31. Bb4 Rcd5 32. Bc3 Rd3 33. Bf6 R8d7 34. Kh3 h5 35. Rc2 Rd2 36. Re2 Kf8 37. Rexd2 Rxd2 38. Rc3 Ke8 39. b3 axb3 40. Rxb3 Rd5 41. Rc3 Kd7 42. a4 Kc6 43. Be7 Rd7 44. axb5+ Kxb5 45. Bf6 Nd2 46. Rc2 Ne4 47. Bb2 Ra7 48. Bd4 Rd7 49. Bg1 Nd2 50. Be3 Nc4 51. Bf2 f6 52. Ra2 e5 53. fxe5 fxe5 54. Ra7 Rd6 55. Rb7+ Kc6 56. Rb4 Kd5 57. Kg2 e4 58. Rb5+ Ke6 59. Rb4 Rc6 60. Kf1 e3 61. Be1 Kd5 62. Ke2 Kd4 63. Rb3 Ra6 64. Rd3+ Ke4 65. Rc3 Ra2+ 66. Kf1 Ne5 67. h4 Ng4 68. Rc4+ Kd5 69. Rb4 Nh2+ 70. Kg1 Nf3+ 71. Kf1 Rh2 0-1

[Event "Brest op"]
[Site "Brest"]
[Date "2011.04.24"]
[Round "3"]
[White "Bertrand, Benjamin"]
[Black "Collin, Jean Philippe"]
[Result "0-1"]
[WhiteElo "1640"]
[BlackElo "1747"]
[PlyCount "57"]
[EventDate "2011.04.23"]
[EventType "swiss"]
[EventRounds "5"]
[EventCountry "FRA"]
[SourceTitle "EXT 2012"]
[Source "ChessBase"]
[SourceDate "2011.11.24"]
[SourceVersion "1"]
[SourceVersionDate "2011.11.24"]
[SourceQuality "1"]

1. d4 Nf6 2. c4 g6 3. Nc3 d5 4. cxd5 Nxd5 5. Bd2 Bg7 6. e4 Nxc3 7. Bxc3 0-0 8. Bc4 c6 9. a4 c5 10. Ne2 Nd7 11. 0-0 cxd4 12. Nxd4 Ne5 13. Be2 Qb6 14. Qc2 Bd7 15. Kh1 Rac8 16. f4 Nc4 17. Bxc4 Rxc4 18. Ne2 Rfc8 19. e5 h5 20. a5 Qc7 21. Qd2 Bg4 22. Rad1 h4 23. h3 Bh5 24. Rde1 Rd8 25. Qe3 b5 26. e6 f5 27. Bxg7 Kxg7 28. Nc3 b4 29. Nd5 0-1

[Event "Quimper op 1st"]
[Site "Quimper"]
[Date "2010.10.31"]
[Round "5"]
[White "Lasbleis, Pol"]
[Black "Collin, Jean Philippe"]
[Result "0-1"]
[WhiteElo "1770"]
[BlackElo "1720"]
[PlyCount "48"]
[EventDate "2010.10.30"]
[EventType "swiss"]
[EventRounds "7"]
[EventCountry "FRA"]
[SourceTitle "EXT 2012"]
[Source "ChessBase"]
[SourceDate "2011.11.24"]
[SourceVersion "1"]
[SourceVersionDate "2011.11.24"]
[SourceQuality "1"]

1. e4 d5 2. e5 e6 3. d4 c5 4. c3 cxd4 5. cxd4 Bb4+ 6. Bd2 Bxd2+ 7. Qxd2 Ne7 8. Bb5+ Nbc6 9. Bxc6+ Nxc6 10. Nf3 0-0 11. Nc3 b6 12. h4 Ba6 13. g4 Rc8 14. a3 Na5 15. Ng5 g6 16. Qc2 Rc4 17. 0-0-0 Qd7 18. h5 Rfc8 19. Kb1 Rxc3 20. bxc3 Nc4 21. Ka2 Qe7 22. Nxh7 Qxa3+ 23. Kb1 Qa5 24. Qa2 Na3+ 0-1

[Event "Fouesnant op 15th"]
[Site "Fouesnant"]
[Date "2009.10.25"]
[Round "3"]
[White "Collin, Jean Philippe"]
[Black "Martinez, Rodolphe"]
[Result "1/2-1/2"]
[WhiteElo "1690"]
[BlackElo "1909"]
[PlyCount "29"]
[EventDate "2009.10.26"]
[EventType "swiss"]
[EventRounds "9"]
[EventCountry "FRA"]
[SourceTitle "EXT 2010"]
[Source "ChessBase"]
[SourceDate "2010.11.25"]
[SourceVersion "1"]
[SourceVersionDate "2010.11.25"]
[SourceQuality "1"]

1. d4 d5 2. c4 c6 3. Nf3 Nf6 4. Nc3 a6 5. cxd5 cxd5 6. g3 Nc6 7. Bg2 Bf5 8. 0-0 e6 9. a3 Bd6 10. Nh4 Bg6 11. Bg5 Qb6 12. Nxg6 hxg6 13. Bxf6 gxf6 14. e4 Nxd4 15. exd5 1/2-1/2

[Event "Brest op"]
[Site "Brest"]
[Date "2009.04.11"]
[Round "2"]
[White "Collin, Jean Philippe"]
[Black "Le Marec, Simon"]
[Result "1/2-1/2"]
[WhiteElo "1700"]
[BlackElo "2063"]
[PlyCount "180"]
[EventDate "2009.04.11"]
[EventType "swiss"]
[EventRounds "7"]
[EventCountry "FRA"]
[SourceTitle "EXT 2011"]
[Source "ChessBase"]
[SourceDate "2010.11.26"]
[SourceVersion "1"]
[SourceVersionDate "2010.11.26"]
[SourceQuality "1"]

1. d4 Nf6 2. c4 c5 3. d5 b5 4. b3 g6 5. Bb2 Bg7 6. Qc2 0-0 7. Nd2 Na6 8. a3 bxc4 9. bxc4 Rb8 10. Bc3 d6 11. e4 Bd7 12. Bd3 Qe8 13. Rb1 Rxb1+ 14. Qxb1 Qa8 15. Ne2 Ba4 16. 0-0 Ng4 17. Bxg7 Kxg7 18. Nc3 Bd7 19. Qc2 Nc7 20. h3 Nh6 21. f4 Qc8 22. f5 f6 23. Rf3 Nf7 24. fxg6 hxg6 25. Ne2 Rh8 26. Nf4 g5 27. Rg3 Ne5 28. Be2 Qa6 29. Qc3 Kf7 30. Bh5+ Kg7 31. Be2 Kf8 32. Nd3 Ng6 33. Nf3 Kf7 34. e5 dxe5 35. Ndxe5+ fxe5 36. Nxe5+ Kg8 37. Nxd7 Nxd5 38. cxd5 Qxe2 39. Nxc5 Qd1+ 40. Kh2 Qxd5 41. Qb3 Qxb3 42. Nxb3 Rh5 43. Nd4 Ne5 44. Ne6 Nf7 45. Rc3 Rh4 46. Rc8+ Kh7 47. Nf8+ Kg7 48. Nd7 Ra4 49. Rc6 Ra5 50. Nb8 Ne5 51. Rc7 Kf6 52. Rc3 e6 53. Kg3 Ra4 54. Kf2 Kf5 55. Re3 Rc4 56. Na6 Rc2+ 57. Kg1 Ng6 58. Nb4 Rd2 59. a4 Nf4 60. g4+ Kf6 61. a5 Rd1+ 62. Kf2 Ra1 63. Nc6 Ra2+ 64. Kf1 a6 65. Rb3 Nd5 66. Rf3+ Kg7 67. Nd4 Nf4 68. Nc6 Kf7 69. h4 Kg6 70. h5+ Kf6 71. Rb3 Nd5 72. Rf3+ Kg7 73. Ke1 Rg2 74. Ne5 Nf6 75. Kf1 Rh2 76. Kg1 Rh4 77. Rb3 Nxg4 78. Rb7+ Kf6 79. Nd7+ Kf5 80. Rb6 Rxh5 81. Rxa6 Rh2 82. Rb6 Ra2 83. a6 Ne5 84. Rb5 Rxa6 85. Nxe5 Ra1+ 86. Kf2 Ra2+ 87. Kg3 Ra3+ 88. Nf3+ Kf6 89. Kg4 Ra4+ 90. Kg3 Ra3 1/2-1/2

[Event "Fouesnant op 14th"]
[Site "Fouesnant"]
[Date "2008.10.29"]
[Round "6"]
[White "Cogan, Guillaume"]
[Black "Collin, Jean Philippe"]
[Result "0-1"]
[WhiteElo "1600"]
[BlackElo "1709"]
[PlyCount "64"]
[EventDate "2008.10.25"]
[EventType "swiss"]
[EventRounds "9"]
[EventCountry "FRA"]
[SourceTitle "EXT 2009"]
[Source "ChessBase"]
[SourceDate "2008.11.26"]
[SourceVersion "1"]
[SourceVersionDate "2008.11.26"]
[SourceQuality "1"]

1. e4 d5 2. exd5 Nf6 3. d4 Nxd5 4. c4 Nb6 5. Nf3 g6 6. c5 Nd5 7. Bc4 Bg7 8. Nc3 c6 9. Qb3 e6 10. Ne4 0-0 11. Nd6 b6 12. Bxd5 cxd5 13. Bf4 bxc5 14. dxc5 Qa5+ 15. Kd1 Nc6 16. Rc1 Rb8 17. Qd3 Rxb2 18. a3 Ba6 19. Qe3 d4 20. Qe4 Be2+ 21. Qxe2 Rxe2 22. Kxe2 d3+ 23. Kf1 d2 24. Nxd2 Qxa3 25. Nf3 e5 26. Be3 e4 27. Ne1 f5 28. Nc2 Qd3+ 29. Kg1 f4 30. Ne1 Qe2 31. Bxf4 Rxf4 32. g3 Qxf2# 0-1

[Event "Fouesnant op 13th"]
[Site "Fouesnant"]
[Date "2007.11.02"]
[Round "8"]
[White "Gaulin, Jean Pierre"]
[Black "Collin, Jean Philippe"]
[Result "1-0"]
[WhiteElo "1816"]
[BlackElo "1820"]
[PlyCount "117"]
[EventDate "2007.10.27"]
[EventType "swiss"]
[EventRounds "9"]
[EventCountry "FRA"]
[SourceTitle "EXT 2008"]
[Source "ChessBase"]
[SourceDate "2007.11.25"]
[SourceVersion "1"]
[SourceVersionDate "2007.11.25"]
[SourceQuality "1"]

1. d4 d5 2. Nf3 Nf6 3. Bg5 e6 4. e3 c5 5. c3 Nbd7 6. Nbd2 Be7 7. Bd3 0-0 8. Ne5 Nxe5 9. dxe5 Nd7 10. Bf4 b6 11. h4 f6 12. Qh5 f5 13. g4 c4 14. Bc2 g6 15. Qh6 Rf7 16. gxf5 Bf8 17. Qg5 Qxg5 18. hxg5 Nc5 19. fxg6 hxg6 20. Bxg6 Rg7 21. Bc2 Bb7 22. Rh2 Be7 23. Rh5 Bc6 24. Ke2 Rf8 25. Rah1 Nd3 26. Bxd3 cxd3+ 27. Kxd3 Bb5+ 28. Kc2 Be2 29. Rh8+ Kf7 30. Rxf8+ Kxf8 31. Rg1 a5 32. g6 Ke8 33. Bh6 Rg8 34. g7 Bh5 35. Rg3 Bh4 36. Rg2 Kf7 37. Nb3 Bg6+ 38. Kd2 Be4 39. Rh2 Be7 40. Nd4 b5 41. Nc6 b4 42. Nxe7 bxc3+ 43. Kxc3 Kxe7 44. Bg5+ Kf7 45. Bf6 Rc8+ 46. Kb3 Bc2+ 47. Ka3 Rg8 48. f3 Bg6 49. Rd2 Rc8 50. Rd4 Kg8 51. e4 dxe4 52. fxe4 Be8 53. Rd6 Bf7 54. Ra6 Rc5 55. Ra8+ Kh7 56. Rh8+ Kg6 57. g8Q+ Bxg8 58. Rxg8+ Kf7 59. Rg7+ 1-0

[Event "Fouesnant op 13th"]
[Site "Fouesnant"]
[Date "2007.10.29"]
[Round "4"]
[White "Burel, Gwenaelle"]
[Black "Collin, Jean Philippe"]
[Result "1-0"]
[WhiteElo "1632"]
[BlackElo "1820"]
[PlyCount "123"]
[EventDate "2007.10.27"]
[EventType "swiss"]
[EventRounds "9"]
[EventCountry "FRA"]
[SourceTitle "EXT 2008"]
[Source "ChessBase"]
[SourceDate "2007.11.25"]
[SourceVersion "1"]
[SourceVersionDate "2007.11.25"]
[SourceQuality "1"]

1. e4 d5 2. exd5 Nf6 3. d4 Nxd5 4. c4 Nb6 5. Nc3 e5 6. dxe5 Qxd1+ 7. Nxd1 Nc6 8. f4 Bf5 9. Nf3 Nb4 10. Ne3 Bd3 11. a3 Bxf1 12. Kxf1 Nd3 13. g3 Bc5 14. Ke2 0-0-0 15. Rd1 Bxe3 16. Rxd3 Bxc1 17. Rxc1 Rxd3 18. Kxd3 Rd8+ 19. Ke3 h6 20. b3 Re8 21. f5 Nd7 22. Kf4 Nc5 23. Rc3 g5+ 24. Kg4 Ne4 25. Re3 Nf6+ 26. Kh3 g4+ 27. Kg2 gxf3+ 28. Kxf3 Nd7 29. Kf4 Kd8 30. g4 f6 31. e6 Ne5 32. h4 Rh8 33. Rg3 a5 34. Ke4 Ke7 35. g5 hxg5 36. hxg5 Rh4+ 37. Kd5 b6 38. gxf6+ Kxf6 39. e7 c6+ 40. Kd6 Rd4+ 41. Kc7 Rd7+ 42. Kxb6 Rxe7 43. Kxa5 Ra7+ 44. Kb4 Kxf5 45. a4 Ke4 46. Kc5 Ra5+ 47. Kb6 Ra8 48. Rg7 Kd4 49. a5 Rb8+ 50. Rb7 Ra8 51. a6 Nd3 52. a7 Nc5 53. Kxc6 Nxb3 54. Rxb3 Rxa7 55. c5 Kc4 56. Kb6 Rg7 57. Rb1 Rg8 58. Rc1+ Kd5 59. c6 Rb8+ 60. Kc7 Rg8 61. Kb7 Kd6 62. c7 1-0